[Event "CAN-op"]
[Site "Edmonton CAN"]
[Date "2005.07.16"]
[Round "9"]
[White "Johnson, Dean"]
[Black "Thomas, Derek"]
[Result "1-0"]
[WhiteElo "1588"]
[BlackElo "1300"]
[PlyCount "47"]
[GameId "2160767910902125"]
[EventDate "2005.07.09"]
[EventType "swiss"]
[EventRounds "10"]
[EventCountry "CAN"]
[SourceTitle "CBM 107 Extra"]
[Source "ChessBase"]
[SourceDate "2005.09.01"]
[SourceVersion "1"]
[SourceVersionDate "2005.09.01"]
[SourceQuality "1"]

1. d4 d5 2. c4 e6 3. Nf3 Nf6 4. Nc3 Nc6 5. Bg5 Be7 6. e3 Bd7 7. Bxf6 Bxf6 8. cxd5 Ne7 9. dxe6 Bxe6 10. Bd3 O-O 11. O-O g6 12. Rc1 Rc8 13. b4 Nd5 14. Nxd5 Bxd5 15. a4 b6 16. Ba6 Rb8 17. Qc2 c6 18. e4 Be6 19. Qxc6 Bxd4 20. Rfd1 Bxf2+ 21. Kxf2 Qe7 22. Qd6 Qxd6 23. Rxd6 f5 24. Rxe6 1-0

[Event "CAN-op"]
[Site "Edmonton CAN"]
[Date "2005.07.16"]
[Round "9"]
[White "Jones, Avery"]
[Black "Enns, Edward"]
[Result "1-0"]
[WhiteElo "1582"]
[BlackElo "1245"]
[PlyCount "65"]
[GameId "2160767910902126"]
[EventDate "2005.07.09"]
[EventType "swiss"]
[EventRounds "10"]
[EventCountry "CAN"]
[SourceTitle "CBM 107 Extra"]
[Source "ChessBase"]
[SourceDate "2005.09.01"]
[SourceVersion "1"]
[SourceVersionDate "2005.09.01"]
[SourceQuality "1"]

1. d4 Nf6 2. Nf3 g6 3. c3 Bg7 4. Nbd2 d6 5. e3 Bf5 6. Be2 O-O 7. O-O Nbd7 8. Re1 c5 9. Nf1 Qc7 10. Ng3 Be6 11. e4 d5 12. Ng5 Nxe4 13. N5xe4 dxe4 14. Nxe4 cxd4 15. cxd4 Bd5 16. Ng3 Qb6 17. Be3 Rac8 18. Qd2 f5 19. Red1 Nf6 20. b3 Qe6 21. h3 h5 22. Bg5 h4 23. Bxh4 f4 24. Bxf6 Rxf6 25. Bg4 Qe4 26. Nxe4 f3 27. Nxf6+ Bxf6 28. Bxc8 fxg2 29. Qe3 Kf7 30. Bg4 b5 31. Rac1 a5 32. Re1 a4 33. Be6+ 1-0

[Event "CAN-op"]
[Site "Edmonton CAN"]
[Date "2005.07.16"]
[Round "9"]
[White "Keep, Richard"]
[Black "White, Chris"]
[Result "1-0"]
[WhiteElo "1777"]
[BlackElo "1597"]
[PlyCount "55"]
[GameId "2160767910902127"]
[EventDate "2005.07.09"]
[EventType "swiss"]
[EventRounds "10"]
[EventCountry "CAN"]
[SourceTitle "CBM 107 Extra"]
[Source "ChessBase"]
[SourceDate "2005.09.01"]
[SourceVersion "1"]
[SourceVersionDate "2005.09.01"]
[SourceQuality "1"]

1. e4 e6 2. d4 d5 3. e5 c5 4. c3 Nc6 5. Nf3 Qb6 6. Be2 Nge7 7. Na3 Nf5 8. Nc2 Be7 9. O-O Bd7 10. b3 f6 11. Bf4 O-O-O 12. Rc1 g5 13. exf6 gxf4 14. fxe7 Ncxe7 15. Ne5 Rhg8 16. dxc5 Qxc5 17. Nd4 Qd6 18. Nf7 Qb6 19. Nxd8 Qxd8 20. c4 Kb8 21. cxd5 e5 22. Ne6 Nh4 23. Nxd8 Bh3 24. g3 Nef5 25. Rc3 Nd4 26. Re1 Bg2 27. Ne6 Nb5 28. Bxb5 1-0

[Event "CAN-op"]
[Site "Edmonton CAN"]
[Date "2005.07.16"]
[Round "9"]
[White "Long, Hugh"]
[Black "Blum, Roger"]
[Result "1-0"]
[WhiteElo "1780"]
[BlackElo "1618"]
[PlyCount "79"]
[GameId "2160767910902133"]
[EventDate "2005.07.09"]
[EventType "swiss"]
[EventRounds "10"]
[EventCountry "CAN"]
[SourceTitle "CBM 107 Extra"]
[Source "ChessBase"]
[SourceDate "2005.09.01"]
[SourceVersion "1"]
[SourceVersionDate "2005.09.01"]
[SourceQuality "1"]

1. e4 c5 2. Nf3 Nc6 3. d4 cxd4 4. Nxd4 Nf6 5. Nc3 e5 6. Ndb5 d6 7. Bg5 a6 8. Bxf6 gxf6 9. Na3 f5 10. Qh5 b5 11. Nd5 fxe4 12. O-O-O Be6 13. Kb1 Rc8 14. c3 h6 15. Nc2 Rg8 16. Nce3 Rg6 17. Be2 Rb8 18. f4 b4 19. c4 Bg7 20. h4 Nd4 21. f5 Nxf5 22. Nxf5 Rxg2 23. Nxg7+ Rxg7 24. Qxh6 Rg2 25. Rhg1 Rxg1 26. Rxg1 Kd7 27. Bg4 Bxg4 28. Rxg4 a5 29. Rg7 Rb7 30. Rxf7+ Kc6 31. Rxb7 Kxb7 32. Qe3 Kc6 33. Qb6+ Qxb6 34. Nxb6 Kxb6 35. h5 e3 36. Kc2 a4 37. b3 axb3+ 38. axb3 d5 39. cxd5 Kc5 40. h6 1-0

[Event "CAN-op"]
[Site "Edmonton CAN"]
[Date "2005.07.16"]
[Round "9"]
[White "MacLeod, Damon"]
[Black "Erickson, John"]
[Result "0-1"]
[WhiteElo "1601"]
[BlackElo "1904"]
[PlyCount "60"]
[GameId "2160767910902134"]
[EventDate "2005.07.09"]
[EventType "swiss"]
[EventRounds "10"]
[EventCountry "CAN"]
[SourceTitle "CBM 107 Extra"]
[Source "ChessBase"]
[SourceDate "2005.09.01"]
[SourceVersion "1"]
[SourceVersionDate "2005.09.01"]
[SourceQuality "1"]

1. e4 c5 2. Nf3 d6 3. Bb5+ Nc6 4. O-O g6 5. c3 Bg7 6. Re1 Bd7 7. d4 cxd4 8. cxd4 a6 9. Bf1 e6 10. Nc3 Nge7 11. Bf4 Nxd4 12. Bxd6 Nxf3+ 13. Qxf3 O-O 14. Rad1 Bc6 15. Qe3 Re8 16. Rd2 Qa5 17. Red1 Rad8 18. f4 Rd7 19. g3 Qd8 20. h4 Bxc3 21. Qxc3 Bxe4 22. Bc7 Qxc7 23. Rxd7 Qb8 24. Qf6 Qa7+ 25. Kh2 Qf2+ 26. Kh3 h5 27. R7d2 Qg1 28. Bd3 Bg2+ 29. Rxg2 Qxd1 30. Be4 Qh1+ 0-1

[Event "CAN-op"]
[Site "Edmonton CAN"]
[Date "2005.07.16"]
[Round "9"]
[White "Mandic, Slaven"]
[Black "Rivas Cabrera, Edgar"]
[Result "0-1"]
[WhiteElo "1970"]
[BlackElo "1764"]
[PlyCount "132"]
[GameId "2160767910902135"]
[EventDate "2005.07.09"]
[EventType "swiss"]
[EventRounds "10"]
[EventCountry "CAN"]
[SourceTitle "CBM 107 Extra"]
[Source "ChessBase"]
[SourceDate "2005.09.01"]
[SourceVersion "1"]
[SourceVersionDate "2005.09.01"]
[SourceQuality "1"]

1. f4 Nf6 2. Nf3 g6 3. d3 d5 4. e3 c5 5. Be2 Nc6 6. O-O Bg7 7. Qe1 O-O 8. Qh4 Bg4 9. c3 e5 10. e4 dxe4 11. dxe4 Bxf3 12. Bxf3 exf4 13. Bxf4 Nd7 14. Qf2 Qe7 15. Na3 Nde5 16. Be2 Rad8 17. Rad1 h6 18. Bc4 Nxc4 19. Nxc4 Rxd1 20. Rxd1 Qxe4 21. Nd6 Qa4 22. b3 Qa6 23. Qxc5 Qxa2 24. Qd5 Qa6 25. c4 Qb6+ 26. c5 Qb4 27. Be3 g5 28. Kh1 Ne7 29. Qxb7 Qxb7 30. Nxb7 Rb8 31. Rd8+ Rxd8 32. Nxd8 Bf6 33. Nb7 Nc6 34. Bd2 Bd4 35. b4 a6 36. Nd6 Ne7 37. g4 Be5 38. Nc4 Bc7 39. Kg2 f6 40. h3 Kf7 41. Kf3 Ke6 42. Ke4 Kd7 43. Bc3 Ke6 44. Ne3 Bd8 45. Nf5 Nxf5 46. gxf5+ Kd7 47. Kd5 h5 48. c6+ Kc7 49. Be1 g4 50. hxg4 hxg4 51. Bg3+ Kb6 52. Bd6 Bc7 53. Bc5+ Kb5 54. Ke6 Kxc6 55. Kxf6 Bd6 56. Bg1 g3 57. Kg5 Bxb4 58. f6 a5 59. Kg4 Bd6 60. f7 Kd5 61. Kf3 a4 62. Be3 a3 63. Bc1 a2 64. Bb2 Ke6 65. f8=Q Bxf8 66. Kxg3 Bd6+ 0-1

[Event "CAN-op"]
[Site "Edmonton CAN"]
[Date "2005.07.16"]
[Round "9"]
[White "Masson, Richard"]
[Black "Kuczaj, Chris"]
[Result "1/2-1/2"]
[WhiteElo "1712"]
[BlackElo "1904"]
[PlyCount "42"]
[GameId "2160767910902136"]
[EventDate "2005.07.09"]
[EventType "swiss"]
[EventRounds "10"]
[EventCountry "CAN"]
[SourceTitle "CBM 107 Extra"]
[Source "ChessBase"]
[SourceDate "2005.09.01"]
[SourceVersion "1"]
[SourceVersionDate "2005.09.01"]
[SourceQuality "1"]

1. e4 c5 2. Nf3 e6 3. Nc3 Nc6 4. d3 a6 5. g3 b5 6. Bg2 Bb7 7. h3 Qc7 8. O-O d6 9. Nh2 Nf6 10. f4 Be7 11. Nf3 O-O 12. g4 d5 13. e5 Nd7 14. Ne2 f6 15. exf6 Nxf6 16. Ng3 Bd6 17. Ng5 Rae8 18. h4 e5 19. Nf5 Bc8 20. Nxd6 Qxd6 21. f5 g6 1/2-1/2

[Event "CAN-op"]
[Site "Edmonton CAN"]
[Date "2005.07.16"]
[Round "9"]
[White "Mattson, Marvin"]
[Black "Belleau, David"]
[Result "0-1"]
[WhiteElo "1703"]
[BlackElo "1911"]
[PlyCount "60"]
[GameId "2160767910902137"]
[EventDate "2005.07.09"]
[EventType "swiss"]
[EventRounds "10"]
[EventCountry "CAN"]
[SourceTitle "CBM 107 Extra"]
[Source "ChessBase"]
[SourceDate "2005.09.01"]
[SourceVersion "1"]
[SourceVersionDate "2005.09.01"]
[SourceQuality "1"]

1. c4 Nf6 2. Nc3 e6 3. g3 d5 4. cxd5 exd5 5. d4 Be7 6. Bg2 O-O 7. Nf3 Re8 8. O-O c6 9. a3 Nbd7 10. b4 Nf8 11. Bb2 Bg4 12. Ne5 Bh5 13. Qd2 Rc8 14. Bh3 Rc7 15. f4 h6 16. g4 Bg6 17. f5 Bh7 18. Rae1 a5 19. b5 c5 20. b6 Rc8 21. dxc5 Bxc5+ 22. Kh1 Rxe5 23. g5 Be3 24. Qd3 Bxg5 25. Rf3 Re8 26. Rg1 Qxb6 27. Ba1 Re3 28. Rxe3 Qxe3 29. Qxe3 Bxe3 30. Rg3 d4 0-1

[Event "CAN-op"]
[Site "Edmonton CAN"]
[Date "2005.07.16"]
[Round "9"]
[White "Meller, Caleb"]
[Black "Mrugala, Jonathan"]
[Result "1-0"]
[WhiteElo "1365"]
[BlackElo "1367"]
[PlyCount "99"]
[GameId "2160767910902138"]
[EventDate "2005.07.09"]
[EventType "swiss"]
[EventRounds "10"]
[EventCountry "CAN"]
[SourceTitle "CBM 107 Extra"]
[Source "ChessBase"]
[SourceDate "2005.09.01"]
[SourceVersion "1"]
[SourceVersionDate "2005.09.01"]
[SourceQuality "1"]

1. e4 c6 2. Be2 d5 3. d3 Nf6 4. exd5 cxd5 5. d4 Qb6 6. h3 Nc6 7. Nf3 Bf5 8. Bf4 Qxb2 9. Nbd2 Nb4 10. O-O Nxc2 11. Rb1 Qxa2 12. Rxb7 e6 13. Bb5+ Kd8 14. Qb1 Qxb1 15. Rxb1 Nxd4 16. Rc1 Nxb5 17. Rxb5 Nd7 18. Rb7 Rc8 19. Bc7+ Ke8 20. Rxa7 f6 21. Nb3 Be7 22. Bf4 Rxc1+ 23. Bxc1 Bd8 24. Nbd4 Rf8 25. Nh4 g6 26. Nhxf5 gxf5 27. Nxe6 Rf7 28. Ra8 Ke7 29. Nxd8 Rg7 30. Ba3+ Ke8 31. Ne6+ Kf7 32. Nxg7 Kxg7 33. Ra7 Kg6 34. Rxd7 Kh5 35. Rxd5 Kg6 36. g4 Kg5 37. Rxf5+ Kg6 38. h4 h6 39. Be7 Kh7 40. Rxf6 Kg7 41. g5 h5 42. g6 Kg8 43. Bf8 Kh8 44. f4 Kg8 45. f5 Kh8 46. g7+ Kg8 47. Rg6 Kf7 48. g8=Q+ Ke8 49. Rg7 Kd8 50. Bd6# 1-0

[Event "CAN-op"]
[Site "Edmonton CAN"]
[Date "2005.07.16"]
[Round "9"]
[White "Meller, Kenneth"]
[Black "Pradzinski, Alex"]
[Result "1-0"]
[WhiteElo "1367"]
[BlackElo "1236"]
[PlyCount "51"]
[GameId "2160767910902139"]
[EventDate "2005.07.09"]
[EventType "swiss"]
[EventRounds "10"]
[EventCountry "CAN"]
[SourceTitle "CBM 107 Extra"]
[Source "ChessBase"]
[SourceDate "2005.09.01"]
[SourceVersion "1"]
[SourceVersionDate "2005.09.01"]
[SourceQuality "1"]

1. e4 e5 2. d4 f5 3. exf5 exd4 4. Qxd4 Nc6 5. Qe3+ Nge7 6. Bd2 d6 7. Bd3 Ne5 8. f6 Nxd3+ 9. cxd3 gxf6 10. Nf3 Bg7 11. O-O f5 12. Qg5 Bxb2 13. Bc3 Nd5 14. Re1+ Kd7 15. Qxf5+ Kc6 16. Qe4 Re8 17. Qc4+ Kb6 18. Rxe8 Qxe8 19. Bxb2 Bg4 20. Nbd2 Bxf3 21. Nxf3 Qe7 22. Qxd5 Re8 23. Bd4+ c5 24. Rb1+ Ka6 25. Qc4+ b5 26. Qxb5# 1-0

[Event "CAN-op"]
[Site "Edmonton CAN"]
[Date "2005.07.16"]
[Round "9"]
[White "Meller, Marvin"]
[Black "Tuason, Alfred"]
[Result "1-0"]
[WhiteElo "1561"]
[BlackElo "1356"]
[PlyCount "90"]
[GameId "2160767910902140"]
[EventDate "2005.07.09"]
[EventType "swiss"]
[EventRounds "10"]
[EventCountry "CAN"]
[SourceTitle "CBM 107 Extra"]
[Source "ChessBase"]
[SourceDate "2005.09.01"]
[SourceVersion "1"]
[SourceVersionDate "2005.09.01"]
[SourceQuality "1"]

1. c4 e5 2. b3 Nf6 3. e3 d6 4. Bb2 Nc6 5. a3 a5 6. Be2 Be7 7. Bf3 Bd7 8. d3 Qc8 9. Nd2 Bg4 10. h3 Bxf3 11. Ngxf3 h6 12. Ne4 Qd7 13. Nxf6+ Bxf6 14. Bc3 O-O 15. O-O b6 16. d4 e4 17. Nh2 Ne7 18. Ng4 Bh4 19. f3 f5 20. Nf2 Bxf2+ 21. Rxf2 c6 22. Qe1 d5 23. fxe4 fxe4 24. Rxf8+ Rxf8 25. a4 Qc7 26. c5 Nf5 27. g4 Ne7 28. Kg2 Rf3 29. Ra2 Ng6 30. h4 Kh8 31. h5 Ne7 32. Qh4 Rxe3 33. Rc2 Qf4 34. Rf2 Rf3 35. Bd2 Rxf2+ 36. Qxf2 Qxf2+ 37. Kxf2 bxc5 38. dxc5 Kh7 39. Ke3 Ng8 40. Bxa5 Ne7 41. b4 g6 42. Bd8 Nc8 43. b5 cxb5 44. axb5 gxh5 45. gxh5 Kg7 1-0

[Event "CAN-op"]
[Site "Edmonton CAN"]
[Date "2005.07.16"]
[Round "9"]
[White "Miller, Brian"]
[Black "Faust, Steven"]
[Result "1/2-1/2"]
[WhiteElo "1870"]
[BlackElo "1722"]
[PlyCount "67"]
[GameId "2160767910902141"]
[EventDate "2005.07.09"]
[EventType "swiss"]
[EventRounds "10"]
[EventCountry "CAN"]
[SourceTitle "CBM 107 Extra"]
[Source "ChessBase"]
[SourceDate "2005.09.01"]
[SourceVersion "1"]
[SourceVersionDate "2005.09.01"]
[SourceQuality "1"]

1. d4 Nf6 2. c4 e6 3. Nf3 b6 4. Bg5 h6 5. Bh4 Bb4+ 6. Nc3 O-O 7. e3 Bb7 8. Bd3 d5 9. O-O Bxc3 10. bxc3 dxc4 11. Bxc4 Ba6 12. Bxa6 Nxa6 13. Qd3 Nc5 14. Qc2 Nce4 15. Ne5 g5 16. Bg3 Nd6 17. f3 Kg7 18. e4 Nh5 19. Be1 Nf4 20. g3 Ng6 21. Ng4 f5 22. Ne3 fxe4 23. fxe4 Rxf1+ 24. Kxf1 Qf6+ 25. Kg1 Qf3 26. Bd2 Qxe4 27. Qb3 Rf8 28. Re1 Qd3 29. Bc1 Ne4 30. Qxe6 Nxc3 31. d5 Rf6 32. Qd7+ Rf7 33. Qe6 Rf6 34. Qd7+ 1/2-1/2

[Event "CAN-op"]
[Site "Edmonton CAN"]
[Date "2005.07.16"]
[Round "9"]
[White "Milner, Din"]
[Black "Greber, Caitlin"]
[Result "1/2-1/2"]
[WhiteElo "1132"]
[BlackElo "1060"]
[PlyCount "65"]
[GameId "2160767910902142"]
[EventDate "2005.07.09"]
[EventType "swiss"]
[EventRounds "10"]
[EventCountry "CAN"]
[SourceTitle "CBM 107 Extra"]
[Source "ChessBase"]
[SourceDate "2005.09.01"]
[SourceVersion "1"]
[SourceVersionDate "2005.09.01"]
[SourceQuality "1"]

1. e4 e5 2. Nf3 Nc6 3. d4 d5 4. dxe5 dxe4 5. Qxd8+ Nxd8 6. Ng5 Nc6 7. Bb5 Be7 8. Nc3 h6 9. Ngxe4 Bd7 10. Nd5 Bd8 11. Bf4 Be6 12. Nb4 Nge7 13. Nc5 Rb8 14. Nxc6 bxc6 15. Nxe6 fxe6 16. Bc4 Rxb2 17. Bb3 Ng6 18. Bg3 Be7 19. O-O-O Ba3 20. Rd3 Rxb3+ 21. Kd2 Bb4+ 22. c3 Rb2+ 23. Kc1 Ba3 24. c4 Rxa2+ 25. Kb1 Rb2+ 26. Ka1 O-O 27. Rxa3 Rd2 28. Ra2 Rd4 29. Rc1 Rb8 30. Rb1 Rxb1+ 31. Kxb1 Rxc4 32. Rxa7 Re4 33. Rxc7 1/2-1/2

[Event "CAN-op"]
[Site "Edmonton CAN"]
[Date "2005.07.16"]
[Round "9"]
[White "Mohota, Nisha"]
[Black "Peng, David Yu"]
[Result "1/2-1/2"]
[WhiteElo "2343"]
[BlackElo "2120"]
[PlyCount "113"]
[GameId "2160767910902143"]
[EventDate "2005.07.09"]
[EventType "swiss"]
[EventRounds "10"]
[EventCountry "CAN"]
[SourceTitle "CBM 107 Extra"]
[Source "ChessBase"]
[SourceDate "2005.09.01"]
[SourceVersion "1"]
[SourceVersionDate "2005.09.01"]
[SourceQuality "1"]

1. d4 f5 2. g3 Nf6 3. Bg2 e6 4. Nf3 d5 5. c4 c6 6. O-O Bd6 7. Qc2 Nbd7 8. cxd5 cxd5 9. Bf4 Ne4 10. Bxd6 Nxd6 11. Nbd2 O-O 12. e3 Qe7 13. Rac1 g5 14. Qb3 Nf7 15. Rc7 g4 16. Ne1 Nd8 17. Rc3 Nb6 18. Nd3 Bd7 19. Nc5 Bc6 20. Rfc1 Nf7 21. Qd1 Nd6 22. Nd3 Rfc8 23. Ne5 Be8 24. Rc5 Nd7 25. Rxc8 Rxc8 26. Rxc8 Nxc8 27. Nd3 Qd6 28. Nb1 Ne7 29. Nc3 Qc6 30. Nf4 Nf6 31. Qb3 Ng6 32. Nd3 b6 33. Bf1 a5 34. Qa3 Ne4 35. Nxe4 fxe4 36. Nf4 Nxf4 37. gxf4 h5 38. Qe7 Bf7 39. Qd8+ Kg7 40. Kg2 Qa4 41. Qg5+ Kf8 42. Qd8+ Kg7 43. Qe7 Qxa2 44. Bb5 Kg6 45. Be8 Bxe8 46. Qxe8+ Kf6 47. Qd8+ Kf7 48. Qc7+ Kf6 49. Qe5+ Kf7 50. Qc7+ Kf8 51. Qxb6 Qa1 52. Qd6+ Kf7 53. Qc7+ Kf8 54. Qc8+ Ke7 55. Qc7+ Kf8 56. Qc8+ Ke7 57. Qc7+ 1/2-1/2

[Event "CAN-op"]
[Site "Edmonton CAN"]
[Date "2005.07.16"]
[Round "9"]
[White "Moiseenko, Alexander"]
[Black "Yoos, John"]
[Result "1-0"]
[WhiteElo "2652"]
[BlackElo "2442"]
[PlyCount "57"]
[GameId "2160767910902144"]
[EventDate "2005.07.09"]
[EventType "swiss"]
[EventRounds "10"]
[EventCountry "CAN"]
[SourceTitle "CBM 107 Extra"]
[Source "ChessBase"]
[SourceDate "2005.09.01"]
[SourceVersion "1"]
[SourceVersionDate "2005.09.01"]
[SourceQuality "1"]

1. d4 g6 2. e4 d6 3. Nc3 Bg7 4. Be3 a6 5. f4 b5 6. Nf3 Bb7 7. Bd3 Nd7 8. O-O e6 9. f5 exf5 10. exf5 Ngf6 11. Qe1 O-O 12. Qh4 c5 13. Rae1 Bxf3 14. Rxf3 Nh5 15. Qf2 cxd4 16. Bxd4 Ne5 17. Bxe5 dxe5 18. Be4 Rb8 19. Rd1 Qg5 20. Nd5 Nf4 21. Nxf4 exf4 22. Rxf4 Bxb2 23. Bd5 Be5 24. Re4 Bxh2+ 25. Kxh2 Qh5+ 26. Rh4 Qxd1 27. fxg6 h6 28. gxf7+ Kg7 29. Qg3+ 1-0

[Event "CAN-op"]
[Site "Edmonton CAN"]
[Date "2005.07.16"]
[Round "9"]
[White "Nataf, Igor A"]
[Black "Sundararajan, Kidambi"]
[Result "1/2-1/2"]
[WhiteElo "2603"]
[BlackElo "2524"]
[PlyCount "158"]
[GameId "2160767910902145"]
[EventDate "2005.07.09"]
[EventType "swiss"]
[EventRounds "10"]
[EventCountry "CAN"]
[SourceTitle "CBM 107 Extra"]
[Source "ChessBase"]
[SourceDate "2005.09.01"]
[SourceVersion "1"]
[SourceVersionDate "2005.09.01"]
[SourceQuality "1"]

1. e4 e5 2. Nf3 Nc6 3. d4 exd4 4. Nxd4 Bc5 5. Nxc6 Qf6 6. Qf3 dxc6 7. Bc4 Qxf3 8. gxf3 Ne7 9. h4 Be6 10. Bxe6 fxe6 11. Be3 Bd6 12. Nd2 O-O 13. h5 c5 14. Ke2 Nc6 15. c3 b6 16. Rag1 Rad8 17. Rh4 e5 18. Rhg4 Rf7 19. Bh6 Rdd7 20. Bg5 Be7 21. Nc4 Kf8 22. Bxe7+ Rdxe7 23. a4 Re6 24. Ne3 Ne7 25. Rg5 h6 26. R5g3 Rd6 27. Nc4 Re6 28. Rd1 Ke8 29. Rg4 Ng8 30. Ne3 Nf6 31. Rh4 Rd6 32. Nc4 Rxd1 33. Kxd1 Re7 34. Ke2 a6 35. Ne3 b5 36. axb5 axb5 37. Rh1 Kf7 38. Nd5 c6 39. Nxf6 gxf6 40. Ra1 f5 41. exf5 Kf6 42. Ra6 Rc7 43. Ra8 Kxf5 44. Rf8+ Kg5 45. Re8 Kf5 46. Rf8+ Kg5 47. Rg8+ Kxh5 48. Re8 Kg5 49. Rxe5+ Kf4 50. Re4+ Kf5 51. Ke3 Ra7 52. f4 c4 53. Re5+ Kf6 54. Rh5 Kg6 55. Rc5 Ra2 56. Rxc6+ Kg7 57. Rc7+ Kg6 58. Rc6+ Kg7 59. Rb6 Rxb2 60. Ke4 Rxf2 61. Rxb5 Rc2 62. Kf5 Rxc3 63. Rb7+ Kf8 64. Rc7 Rb3 65. Rc6 Rb7 66. Kg6 Rg7+ 67. Kxh6 Rg4 68. Rxc4 Kf7 69. Kh5 Rg1 70. Rc6 Rg2 71. Rc5 Rg1 72. Rf5+ Ke7 73. Rg5 Rf1 74. Kg4 Kf6 75. Rf5+ Kg6 76. Ra5 Rg1+ 77. Kf3 Rf1+ 78. Ke4 Re1+ 79. Kd4 Kf6 1/2-1/2

[Event "CAN-op"]
[Site "Edmonton CAN"]
[Date "2005.07.16"]
[Round "9"]
[White "O'Brien, Sandy"]
[Black "Robertson, Trevor"]
[Result "0-1"]
[WhiteElo "1392"]
[BlackElo "1597"]
[PlyCount "100"]
[GameId "2160767910902146"]
[EventDate "2005.07.09"]
[EventType "swiss"]
[EventRounds "10"]
[EventCountry "CAN"]
[SourceTitle "CBM 107 Extra"]
[Source "ChessBase"]
[SourceDate "2005.09.01"]
[SourceVersion "1"]
[SourceVersionDate "2005.09.01"]
[SourceQuality "1"]

1. e4 e6 2. d4 d5 3. Nc3 Bb4 4. e5 c5 5. a3 Bxc3+ 6. bxc3 cxd4 7. cxd4 Nc6 8. Nf3 Nge7 9. Bd3 h6 10. O-O Nf5 11. Bxf5 exf5 12. Re1 Be6 13. c3 g5 14. Nd2 g4 15. f4 h5 16. g3 h4 17. Nf1 hxg3 18. Nxg3 Qh4 19. Qe2 a6 20. Rb1 b5 21. a4 Rb8 22. axb5 axb5 23. Ba3 Rh6 24. Bd6 Rb7 25. Qa2 Qd8 26. Re2 Qa5 27. Qxa5 Nxa5 28. Reb2 Bd7 29. Ra2 Nc6 30. Ra8+ Nd8 31. Rba1 Be6 32. R1a7 Rxa7 33. Rxa7 Nc6 34. Rb7 Na5 35. Rxb5 Nc4 36. Rb8+ Kd7 37. Rb7+ Kc6 38. Rc7+ Kb5 39. Bc5 Nd2 40. Rb7+ Kc4 41. Kh1 Nf3 42. Rb2 Kxc3 43. Rg2 Kd3 44. Nf1 Ke4 45. Bf8 Rh8 46. Bg7 Rh7 47. Ng3+ Kxd4 48. Ne2+ Ke4 49. Ng3+ Kxf4 50. Ne2+ Ke3 0-1

[Event "CAN-op"]
[Site "Edmonton CAN"]
[Date "2005.07.16"]
[Round "9"]
[White "Olson, Hans"]
[Black "Gardner, Robert"]
[Result "0-1"]
[WhiteElo "2002"]
[BlackElo "2221"]
[PlyCount "84"]
[GameId "2160767910902147"]
[EventDate "2005.07.09"]
[EventType "swiss"]
[EventRounds "10"]
[EventCountry "CAN"]
[SourceTitle "CBM 107 Extra"]
[Source "ChessBase"]
[SourceDate "2005.09.01"]
[SourceVersion "1"]
[SourceVersionDate "2005.09.01"]
[SourceQuality "1"]

1. e4 d6 2. d4 Nf6 3. Nc3 g6 4. f4 Bg7 5. Nf3 c5 6. dxc5 Qa5 7. Bb5+ Bd7 8. Bxd7+ Nbxd7 9. Bd2 Qxc5 10. Qe2 O-O 11. h3 Nh5 12. Qf2 Bxc3 13. bxc3 Qxf2+ 14. Kxf2 Nc5 15. Rhe1 Nf6 16. e5 Nfe4+ 17. Ke3 d5 18. Rab1 a6 19. Ng5 Nxg5 20. fxg5 b5 21. Kd4 Rac8 22. h4 Ne4 23. Kd3 Rc6 24. Re3 Rfc8 25. Ke2 Nxc3+ 26. Bxc3 Rxc3 27. Rxc3 Rxc3 28. Kd2 Rc4 29. g3 Rd4+ 30. Kc3 Re4 31. Rb3 Rxe5 32. Kd4 Re2 33. Kxd5 Rxc2 34. Ra3 Rd2+ 35. Kc6 Rd6+ 36. Kb7 e5 37. Rxa6 Rxa6 38. Kxa6 e4 39. Kxb5 e3 40. a4 e2 41. a5 e1=Q 42. a6 Qe3 0-1

[Event "CAN-op"]
[Site "Edmonton CAN"]
[Date "2005.07.16"]
[Round "9"]
[White "Palcic, Branko"]
[Black "Reichert, Wayne"]
[Result "1-0"]
[WhiteElo "1433"]
[BlackElo "1275"]
[PlyCount "33"]
[GameId "2160767910902148"]
[EventDate "2005.07.09"]
[EventType "swiss"]
[EventRounds "10"]
[EventCountry "CAN"]
[SourceTitle "CBM 107 Extra"]
[Source "ChessBase"]
[SourceDate "2005.09.01"]
[SourceVersion "1"]
[SourceVersionDate "2005.09.01"]
[SourceQuality "1"]

1. e4 c5 2. f4 d6 3. Nf3 Nc6 4. Bc4 e6 5. O-O Nf6 6. Nc3 Be7 7. d4 cxd4 8. Nxd4 a6 9. Be3 Bd7 10. Qf3 O-O 11. Nxc6 Bxc6 12. Rae1 b5 13. Bd3 Re8 14. Qh3 Bf8 15. e5 dxe5 16. fxe5 Nd7 17. Qxh7# 1-0

[Event "CAN-op"]
[Site "Edmonton CAN"]
[Date "2005.07.16"]
[Round "9"]
[White "Panteluk, Steven"]
[Black "Lane, Travis"]
[Result "0-1"]
[WhiteElo "1773"]
[BlackElo "2037"]
[PlyCount "70"]
[GameId "2160767910902150"]
[EventDate "2005.07.09"]
[EventType "swiss"]
[EventRounds "10"]
[EventCountry "CAN"]
[SourceTitle "CBM 107 Extra"]
[Source "ChessBase"]
[SourceDate "2005.09.01"]
[SourceVersion "1"]
[SourceVersionDate "2005.09.01"]
[SourceQuality "1"]

1. d4 Nf6 2. Nf3 g6 3. g3 Bg7 4. Bg2 O-O 5. O-O d6 6. c4 Nbd7 7. Re1 a6 8. Nc3 e5 9. dxe5 dxe5 10. Qc2 Qe7 11. e4 Nb6 12. b3 c6 13. Bg5 a5 14. a4 Bg4 15. Red1 h6 16. Be3 Nbd7 17. Rd3 Bxf3 18. Bxf3 Nc5 19. Bxc5 Qxc5 20. Rad1 Qb6 21. Na2 Rfd8 22. c5 Qc7 23. Qd2 Rxd3 24. Qxd3 Bf8 25. Qc4 Nd7 26. Bg4 Nxc5 27. Nc3 Rd8 28. Rc1 Rd4 29. Qe2 Nxb3 30. Rc2 Qd8 31. Rb2 Rd2 32. Rxd2 Qxd2 33. Qc4 Bc5 34. Ne2 Qe1+ 35. Kg2 Nd2 0-1

[Event "CAN-op"]
[Site "Edmonton CAN"]
[Date "2005.07.16"]
[Round "9"]
[White "Pechisker, Alfred"]
[Black "Peter, Steven"]
[Result "1/2-1/2"]
[WhiteElo "2190"]
[BlackElo "2297"]
[PlyCount "61"]
[GameId "2160767910902151"]
[EventDate "2005.07.09"]
[EventType "swiss"]
[EventRounds "10"]
[EventCountry "CAN"]
[SourceTitle "CBM 107 Extra"]
[Source "ChessBase"]
[SourceDate "2005.09.01"]
[SourceVersion "1"]
[SourceVersionDate "2005.09.01"]
[SourceQuality "1"]

1. d4 d5 2. c4 Nc6 3. Nf3 Bg4 4. e3 e5 5. dxe5 dxc4 6. Qa4 Qd7 7. e6 Bxe6 8. a3 Rd8 9. Nc3 a6 10. Bxc4 Bxc4 11. Qxc4 Nf6 12. O-O b5 13. Qe2 Qd3 14. Rd1 Qxe2 15. Rxd8+ Kxd8 16. Nxe2 Bd6 17. Bd2 Ne4 18. Be1 Ke7 19. Rc1 Kd7 20. Nc3 Nxc3 21. Bxc3 f6 22. Kf1 a5 23. Nd4 Nxd4 24. Bxd4 Rc8 25. Bc5 Bxc5 26. Rxc5 c6 27. Ke2 Kd6 28. Rc2 c5 29. h4 a4 30. g4 Rb8 31. Kd3 1/2-1/2